Jaroslav Fousek : obrazy, kresby : Dům pánů z Kunštátu, Brno 25. 6.-21. 7. 1985 /

Hlavní autor: Fousek, Jaroslav, 1914-1966
Další autoři: Ledererová, Zuzana, 1949-
Jazyk: Čeština
Vydáno: Brno : Dům umění města Brna, 1985
Témata:
Fyzický popis: 1 svazek, obrazové přílohy : ilustrace ; 20 cm + 1 příloha: Seznam vystavených prací
Knihy
Uloženo v:
LEADER 01681nam a22004452i 4500
001 001534543
003 CZ BrMZK
005 20170102153028.0
007 ta
008 160712s1985 xr af er|||||||||||cze d
015 |a cnb000010551 
035 |a (OCoLC)39430418 
040 |a ABA001  |b cze  |d ABA001  |d BOA001  |e rda 
043 |a e-xr--- 
045 |a x-x- 
072 7 |a 72/76  |x Výtvarné umění  |2 Konspekt  |9 21 
080 |a 75(437.3)  |2 MRF 
080 |a 741/744(437.3)  |2 MRF 
080 |a 7.036/.038  |2 MRF 
080 |a (437.3)  |2 MRF 
080 |a (083.824)  |2 MRF 
100 1 |a Fousek, Jaroslav,  |d 1914-1966  |7 jk01031644  |4 art 
245 1 0 |a Jaroslav Fousek :  |b obrazy, kresby : Dům pánů z Kunštátu, Brno 25. 6.-21. 7. 1985 /  |c úvodní text katalogu Zuzana Ledererová 
246 3 0 |a Obrazy, kresby - Jaroslav Fousek 
264 1 |a Brno :  |b Dům umění města Brna,  |c 1985 
300 |a 1 svazek, obrazové přílohy :  |b ilustrace ;  |c 20 cm +  |e 1 příloha: Seznam vystavených prací 
336 |a text  |b txt  |2 rdacontent 
337 |a bez média  |b n  |2 rdamedia 
338 |a svazek  |b nc  |2 rdacarrier 
600 1 7 |a Fousek, Jaroslav,  |d 1914-1966  |7 jk01031644  |2 czenas 
648 7 |a 20. století  |7 ch460558  |2 czenas 
650 0 7 |a české malířství  |7 ph116864  |y 20. století  |2 czenas 
650 0 7 |a česká kresba  |7 ph116857  |y 20. století  |2 czenas 
650 0 7 |a moderní umění  |7 ph115340  |z Česko  |2 czenas 
655 7 |a katalogy výstav  |7 fd132536  |2 czenas 
700 1 |a Ledererová, Zuzana,  |d 1949-  |7 ola2009488263  |4 wfw 
910 |a BOA001  |b X-0895.061 
990 |a BK 
991 |b 201607 
996 6 |b 2619169861  |c X-0895.061  |l MZK  |r Sklad / do 24 hodin  |n 0  |w 001569442  |u 000010  |a 1  |e BOA001  |j MZK50  |s P